000 00558nam a2200193Ia 4500
001 12904
003 GE_BSU
008 181216s||||||||xx |||||||||||||| ||und||
040 _cGE_BSU
245 _aГранулированный суперфосфат:Сборник работ
245 _bВып.157
245 _cРед.Ф.А.Рабинович
260 _aМосква
260 _bГосхимиздат
260 _c1955
300 _a184стр.илл.20см.
653 _aГранулированный суперфосфат
942 _cBK
999 _c46074
_d46074